Palmarès des 7 personnalités préférés des français 1988-2015 - Statistiques

Statistiques générales
  • Ce quiz a été pris 210 fois
  • Le résultat moyen est 3 sur 7
Statistiques - réponses
Classement Total Nom des personnalités % Correct
5 4 fois Jean-Jacques Goldman
73%
4 6 fois Zinédine Zidane
61%
7 1 fois Omar Sy
54%
3 10 fois Yannick Noah
50%
2 16 fois Abbé Pierre
30%
6 2 fois David Douillet
12%
1 20 fois Commandant Cousteau
9%
Aucun quiz correspondant
Distribution des résultats
% des personnes avec chaque résultat
Percentile par nombre de réponses
Votre historique - résultats
Vous n’avez pas pris ce quiz